Dave Songs Quiz - Statistics

General Stats
  • This quiz has been taken 2,590 times
    2,296 since last reset
  • The average score is 22 of 36
Answer Stats
Songs % Correct
Psycho
88%
Location
83%
Lesley
82%
Streatham
78%
Drama
77%
Game Over
75%
Screwface Capital
75%
Black
74%
My 19th Birthday
71%
How I Met My Ex
70%
Six Paths
69%
No Words
68%
Environment
67%
Purple Heart
66%
Disaster
65%
Voices
65%
Thiago Silva
64%
Funky Friday
61%
Wanna Know
60%
Wanna Know Remix
60%
Picture Me
59%
Question Time
59%
Samantha
56%
71 / End Credits
55%
Attitude
52%
Hangman
52%
Panic Attack
52%
Professor X
51%
Tequila
49%
100M's
46%
Calling Me Out
46%
Breathe
45%
Paper Cuts
41%
JKYL+HYD
39%
God's Eye
34%
Revenge
34%
No matching quizzes found
Score Distribution
Percent of People with Each Score
Percentile by Number Answered
Your Score History
You have not taken this quiz since the last reset